• Rossi Giovanna

di Personal Name

Records bibliografici associati: 6

001 - CONTROL NUMBER

  • control field: 59725

003 - CONTROL NUMBER IDENTIFIER

  • control field:

005 - DATE AND TIME OF LATEST TRANSACTION

  • control field: 20230315144204.0

008 - FIXED-LENGTH DATA ELEMENTS

  • fixed length control field: 230315|| aca||aabn | a|a d

040 ## - CATALOGING SOURCE

  • Original cataloging agency:
  • Transcribing agency:

100 ## - HEADING--PERSONAL NAME

  • Personal name: Rossi Giovanna

670 ## - SOURCE DATA FOUND

  • Source citation: Work cat.: ()231377: Rossi Giovanna, Famiglia e consultorio familiare nelle ricerche empiriche in Italia, 1983
CREDITS: SOCIETA' SAN PAOLO Via A.Severo, 58 - ROMA (RM) & PERIODICI SAN PAOLO SRL Via Giotto, 36 MILANO & CISF Via Giotto, 36 MILANO & EDIZIONI SAN PAOLO SRL,  Piazza Soncino, 5 CINISELLO BALSAMO (MI) -- ITALY